[Event "Stavanger op"]
[Site "Stavanger"]
[Date "2017.10.14"]
[Round "7"]
[White "Notkevich, Benjamin Arvola"]
[Black "Strand, Haakon"]
[Result "1-0"]
[WhiteElo "2458"]
[BlackElo "2177"]
[PlyCount "71"]
[EventDate "2017.10.11"]
[EventType "swiss"]
[EventRounds "9"]
[EventCountry "NOR"]
[SourceTitle "CBM 181 Extra"]
[Source "ChessBase"]
[SourceDate "2017.12.12"]
[SourceVersion "1"]
[SourceVersionDate "2017.12.12"]
[SourceQuality "1"]

1. d4 Nf6 2. c4 c5 3. d5 e6 4. Nc3 exd5 5. cxd5 d6 6. Nf3 g6 7. e4 Bg7 8. Be2 0-0 9. Nd2 Re8 10. 0-0 a6 11. a4 g5 12. Nc4 h6 13. f4 Nxe4 14. Nxe4 Rxe4 15. Bd3 Rd4 16. Be3 gxf4 17. Bxd4 Bxd4+ 18. Kh1 b5 19. axb5 Bb7 20. Qh5 Qg5 21. Qxg5+ hxg5 22. Rfe1 Kf8 23. Nxd6 Bxd5 24. Re8+ Kg7 25. Nf5+ Kf6 26. Nxd4 cxd4 27. bxa6 Nd7 28. Rxa8 Bxa8 29. b4 Ne5 30. b5 Nxd3 31. Rd1 Nf2+ 32. Kg1 Nxd1 33. b6 Bxg2 34. b7 f3 35. b8Q Bh3 36. Qh8+ 1-0

[Event "Stavanger op"]
[Site "Stavanger"]
[Date "2017.10.11"]
[Round "1"]
[White "Broch Austvoll, Andreas"]
[Black "Strand, Haakon"]
[Result "0-1"]
[WhiteElo "1431"]
[BlackElo "2177"]
[PlyCount "142"]
[EventDate "2017.10.11"]
[EventType "swiss"]
[EventRounds "9"]
[EventCountry "NOR"]
[SourceTitle "CBM 181 Extra"]
[Source "ChessBase"]
[SourceDate "2017.12.12"]
[SourceVersion "1"]
[SourceVersionDate "2017.12.12"]
[SourceQuality "1"]

1. e4 e6 2. d4 d5 3. Nd2 Be7 4. e5 c5 5. c3 Nc6 6. Ndf3 Bd7 7. Bd3 cxd4 8. cxd4 Nb4 9. Bb1 Bb5 10. a3 Nc6 11. Ne2 Qb6 12. Be3 Nh6 13. h3 Nf5 14. Bxf5 exf5 15. h4 0-0 16. 0-0 Bxe2 17. Qxe2 f4 18. Bxf4 Nxd4 19. Nxd4 Qxd4 20. g3 Qb6 21. Rfd1 Rfd8 22. Rac1 Rd7 23. Rc2 Qe6 24. Rdc1 Rad8 25. Rc7 a6 26. Qc2 h5 27. Qb3 Rxc7 28. Rxc7 b5 29. Qc2 d4 30. Qc6 Qxc6 31. Rxc6 d3 32. Bd2 Rd5 33. f4 Bc5+ 34. Kg2 a5 35. Kf3 Bd4 36. b4 a4 37. Ke4 Rd8 38. Rd6 Rxd6 39. exd6 Bb6 40. Kd5 Kh7 41. Kc6 Bd8 42. Kxb5 Kg6 43. Kc5 Kf5 44. b5 Ke6 45. f5+ Kd7 46. Bf4 Ba5 47. b6 d2 48. b7 d1Q 49. b8Q Qc2+ 50. Kd5 Qd3+ 51. Kc5 Qxa3+ 52. Kd4 Qb4+ 53. Qxb4 Bxb4 54. Kd5 a3 55. Be5 f6 56. Ba1 Bxd6 57. Kc4 Bxg3 58. Kb3 Bd6 59. Bd4 Kc6 60. Bf2 Kd5 61. Be1 Ke4 62. Bf2 Kxf5 63. Be3 Kg4 64. Bf2 g5 65. hxg5 fxg5 66. Bb6 h4 67. Bd4 h3 68. Bg1 Kf3 69. Kc2 Kg2 70. Be3 h2 71. Bxg5 h1Q 0-1

[Event "NOR-chT 1617"]
[Site "Norway"]
[Date "2017.03.03"]
[Round "7.4"]
[White "Hauge, Lars Oskar"]
[Black "Strand, Haakon"]
[Result "1-0"]
[WhiteElo "2404"]
[BlackElo "2192"]
[PlyCount "111"]
[EventDate "2016.10.28"]
[EventType "team-tourn"]
[EventRounds "9"]
[EventCountry "NOR"]
[SourceTitle "EXT 2018"]
[Source "ChessBase"]
[SourceDate "2017.10.13"]
[SourceVersion "1"]
[SourceVersionDate "2017.10.13"]
[SourceQuality "1"]
[WhiteTeam "OSS"]
[BlackTeam "Stavanger"]
[WhiteTeamCountry "NOR"]
[BlackTeamCountry "NOR"]

1. d4 Nf6 2. Bf4 d5 3. e3 e6 4. Nd2 Be7 5. Bd3 c5 6. c3 Nc6 7. Ngf3 0-0 8. h3 b6 9. 0-0 Bb7 10. Qe2 Re8 11. Ne5 Nxe5 12. dxe5 Nd7 13. e4 Qc7 14. exd5 Bxd5 15. Nc4 Rad8 16. Ne3 Bc6 17. Ng4 Qb7 18. Kh2 Nf8 19. f3 Rd7 20. Rad1 Red8 21. Ne3 b5 22. b3 a6 23. Bg3 Ng6 24. Kg1 Bh4 25. Bh2 Nf8 26. Ng4 Qc7 27. Kh1 c4 28. bxc4 bxc4 29. Bc2 Rxd1 30. Rxd1 Rxd1+ 31. Bxd1 Qa5 32. Qxc4 Bd5 33. Nh6+ gxh6 34. Qxh4 Qxc3 35. Bf4 Qd4 36. Be2 Bxa2 37. Qxh6 Ng6 38. Bg3 Bc4 39. Bxc4 Qxc4 40. h4 Ne7 41. h5 Qd4 42. Qg5+ Kf8 43. h6 Nf5 44. Bf2 Qd5 45. Bc5+ Ke8 46. Qg8+ Kd7 47. Qxf7+ Kc6 48. Bf2 Qd7 49. Qf8 Qd1+ 50. Kh2 Qd2 51. Qc8+ Kb5 52. Qb7+ Kc4 53. Qxa6+ Kb3 54. Qxe6+ Kb4 55. Qxf5 Qxf2 56. Qe4+ 1-0

[Event "NOR-chT 1516"]
[Site "Norway"]
[Date "2015.10.30"]
[Round "1.3"]
[White "Galinsky, Timofey"]
[Black "Strand, Haakon"]
[Result "0-1"]
[WhiteElo "2390"]
[BlackElo "2170"]
[PlyCount "68"]
[EventDate "2015.10.30"]
[EventType "team-tourn"]
[EventRounds "9"]
[EventCountry "NOR"]
[SourceTitle "CBM 169 Extra"]
[Source "ChessBase"]
[SourceDate "2015.12.18"]
[SourceVersion "1"]
[SourceVersionDate "2015.12.18"]
[SourceQuality "1"]
[WhiteTeam "OSS"]
[BlackTeam "Stavanger"]
[WhiteTeamCountry "NOR"]
[BlackTeamCountry "NOR"]

1. d4 d5 2. Nf3 Nf6 3. e3 e6 4. b3 Be7 5. Bd3 c5 6. 0-0 Nc6 7. Nbd2 0-0 8. a3 b6 9. Ne5 Nxe5 10. dxe5 Nd7 11. Bb2 Qc7 12. f4 f5 13. g4 g6 14. gxf5 exf5 15. c4 d4 16. exd4 cxd4 17. b4 Rd8 18. Qb3 Nf8 19. Nf3 Ne6 20. c5 bxc5 21. Rac1 Qb6 22. Qa2 Rb8 23. Ba1 Kf8 24. bxc5 Qc6 25. Qd2 Rb3 26. Be2 Bxc5 27. Kg2 Qe4 28. Rxc5 Nxc5 29. Bd1 Rb6 30. a4 Ne6 31. Kg3 Qe3 32. a5 Rb1 33. Bxd4 Qxd2 34. Nxd2 Rxd1 0-1

[Event "NOR-chT 1415"]
[Site "Norway"]
[Date "2015.02.07"]
[Round "7.4"]
[White "Hammerstad, Asmund"]
[Black "Strand, Haakon"]
[Result "1/2-1/2"]
[WhiteElo "2227"]
[BlackElo "2154"]
[PlyCount "61"]
[EventDate "2014.10.31"]
[EventType "team-tourn"]
[EventRounds "11"]
[EventCountry "NOR"]
[SourceTitle "EXT 2016"]
[Source "ChessBase"]
[SourceDate "2015.10.08"]
[SourceVersion "1"]
[SourceVersionDate "2015.10.08"]
[SourceQuality "1"]
[WhiteTeam "Asker"]
[BlackTeam "Stavanger"]
[WhiteTeamCountry "NOR"]
[BlackTeamCountry "NOR"]

1. d4 Nf6 2. c4 e6 3. Nc3 Bb4 4. e3 b6 5. Nge2 Bb7 6. a3 Be7 7. d5 d6 8. e4 Nbd7 9. Nd4 e5 10. Nf5 0-0 11. Bd3 Re8 12. 0-0 Bf8 13. Qf3 h6 14. g4 Nh7 15. Qg3 g5 16. Kg2 Bg7 17. Rh1 Qf6 18. h4 Ndf8 19. hxg5 Nxg5 20. Rh5 Bc8 21. f4 exf4 22. Bxf4 Ng6 23. Bd2 Ne5 24. Rf1 Bxf5 25. Rxf5 Qg6 26. Bxg5 hxg5 27. Rfxg5 Qf6 28. Rf5 Qe7 29. Be2 a6 30. Bf3 Nxc4 31. Qf2 1/2-1/2

[Event "NOR-chT 1415"]
[Site "Norway"]
[Date "2015.01.11"]
[Round "6.5"]
[White "Strand, Haakon"]
[Black "Kvisvik, Brede Alexander"]
[Result "1/2-1/2"]
[WhiteElo "2154"]
[BlackElo "2275"]
[PlyCount "96"]
[EventDate "2014.10.31"]
[EventType "team-tourn"]
[EventRounds "11"]
[EventCountry "NOR"]
[SourceTitle "EXT 2016"]
[Source "ChessBase"]
[SourceDate "2015.10.08"]
[SourceVersion "1"]
[SourceVersionDate "2015.10.08"]
[SourceQuality "1"]
[WhiteTeam "Stavanger"]
[BlackTeam "Valerenga"]
[WhiteTeamCountry "NOR"]
[BlackTeamCountry "NOR"]

1. d4 d5 2. c4 dxc4 3. e4 Nf6 4. e5 Nd5 5. Bxc4 Nc6 6. Nc3 Be6 7. Bb3 Na5 8. Ba4+ c6 9. Nf3 g6 10. Ng5 Nxc3 11. bxc3 Bc4 12. Qf3 f6 13. exf6 exf6 14. Ne4 f5 15. Nd2 Qe7+ 16. Kd1 Bd5 17. Qd3 0-0-0 18. Re1 Qf7 19. Nf3 Bxf3+ 20. Qxf3 Qc4 21. Bc2 Bg7 22. Bd3 Qf7 23. Bf4 Rhe8 24. Bg3 Bh6 25. Bh4 Rxe1+ 26. Kxe1 Re8+ 27. Kf1 Nc4 28. Kg1 Nd2 29. Qd1 Ne4 30. Qc2 Nd6 31. c4 Bg7 32. c5 Ne4 33. Bc4 Qd7 34. Rd1 g5 35. f3 gxh4 36. fxe4 Bxd4+ 37. Kh1 Rxe4 38. Bd3 Re5 39. Rf1 Rxc5 40. Qxc5 Bxc5 41. Bxf5 h6 42. Bxd7+ Kxd7 43. Rf7+ Kc8 44. Rh7 Be3 45. Re7 Bg5 46. Rf7 Be3 47. Re7 Bg5 48. Rf7 Be3 1/2-1/2

[Event "NOR-chT 1415"]
[Site "Norway"]
[Date "2015.01.10"]
[Round "5"]
[White "Kvisla, Johannes Luangtep"]
[Black "Strand, Haakon"]
[Result "0-1"]
[WhiteElo "2191"]
[BlackElo "2154"]
[PlyCount "114"]
[EventDate "2014.10.31"]
[EventType "team-tourn"]
[EventRounds "11"]
[EventCountry "NOR"]
[SourceTitle "EXT 2016"]
[Source "ChessBase"]
[SourceDate "2015.10.08"]
[SourceVersion "1"]
[SourceVersionDate "2015.10.08"]
[SourceQuality "1"]
[WhiteTeam "Oslo SK 1911"]
[BlackTeam "Stavanger"]
[WhiteTeamCountry "NOR"]
[BlackTeamCountry "NOR"]

1. d4 Nf6 2. c4 e6 3. Nc3 d5 4. Nf3 Be7 5. Bf4 0-0 6. Rc1 c6 7. e3 Nbd7 8. c5 Nh5 9. Bd3 Nxf4 10. exf4 b6 11. b4 a5 12. b5 bxc5 13. bxc6 Nf6 14. dxc5 Bxc5 15. 0-0 Ba6 16. Ne5 Bd6 17. Bxa6 Rxa6 18. Qe2 Rb6 19. Nb5 Qb8 20. a4 Rc8 21. Rc2 Bxe5 22. fxe5 Ne8 23. Rfc1 Nc7 24. Nd6 Rf8 25. Nb7 Rb4 26. Qh5 Rxa4 27. Nc5 Ra3 28. Nd7 Qb3 29. Nxf8 Qxc2 30. Qg5 h6 31. Qf4 g5 32. Rxc2 gxf4 33. Kf1 Kxf8 34. Ke2 f6 35. exf6 Kf7 36. Kd2 Rb3 37. Ra2 Rb5 38. Ra4 e5 39. g3 fxg3 40. hxg3 Kxf6 41. Rh4 Kg5 42. f4+ exf4 43. Rxf4 Rc5 44. Ra4 Kf5 45. Kd3 Ke5 46. Ra1 Ne6 47. Re1+ Kf5 48. Ra1 Kg4 49. Ke3 Rxc6 50. Rxa5 Rc3+ 51. Kf2 d4 52. Re5 Re3 53. Ra5 Rxg3 54. Ke2 Nf4+ 55. Kf2 Rg2+ 56. Kf1 Rb2 57. Rb5 Rxb5 0-1

[Event "NOR-chT 1415"]
[Site "Norway"]
[Date "2014.10.31"]
[Round "1.1"]
[White "Borchgrevink, Harald"]
[Black "Strand, Haakon"]
[Result "1/2-1/2"]
[WhiteElo "2276"]
[BlackElo "2154"]
[PlyCount "81"]
[EventDate "2014.10.31"]
[EventType "team-tourn"]
[EventRounds "11"]
[EventCountry "NOR"]
[SourceTitle "EXT 2015"]
[Source "ChessBase"]
[SourceDate "2014.11.20"]
[SourceVersion "1"]
[SourceVersionDate "2014.11.20"]
[SourceQuality "1"]
[WhiteTeam "Bergens"]
[BlackTeam "Stavanger"]
[WhiteTeamCountry "NOR"]
[BlackTeamCountry "NOR"]

1. d4 Nf6 2. Nf3 d5 3. c4 c6 4. Nc3 a6 5. a4 g6 6. a5 Bg7 7. h3 0-0 8. Bf4 Nbd7 9. e3 b5 10. axb6 Qxb6 11. Na4 Qb4+ 12. Qd2 a5 13. Be2 Ne4 14. Qxb4 axb4 15. 0-0 Ba6 16. b3 c5 17. Rac1 Rfc8 18. Rfe1 e6 19. cxd5 exd5 20. Bxa6 Rxa6 21. dxc5 Nc3 22. Kf1 Nxc5 23. Nxc5 Rxc5 24. Be5 Rca5 25. Bxg7 Kxg7 26. Nd4 Ra2 27. Rc2 R6a3 28. Rxa2 Rxa2 29. f3 Rb2 30. Rc1 h5 31. h4 Kh6 32. Rc2 Rb1+ 33. Kf2 f6 34. Kg3 g5 35. hxg5+ fxg5 36. Nc6 Rxb3 37. Nxb4 d4 38. exd4 Ne4+ 39. Kh2 Rxb4 40. fxe4 Rxd4 41. Rc6+ 1/2-1/2

[Event "Oslo Vederhus Memorial op"]
[Site "Oslo"]
[Date "2013.09.29"]
[Round "5"]
[White "Mikalsen, Erlend"]
[Black "Strand, Haakon"]
[Result "1/2-1/2"]
[WhiteElo "2145"]
[BlackElo "2151"]
[PlyCount "82"]
[EventDate "2013.09.29"]
[EventType "swiss"]
[EventRounds "9"]
[EventCountry "NOR"]
[SourceTitle "CBM 156 Extra"]
[Source "ChessBase"]
[SourceDate "2013.10.22"]
[SourceVersion "1"]
[SourceVersionDate "2013.10.22"]
[SourceQuality "1"]

1. e4 e6 2. d4 d5 3. Nc3 Nf6 4. Bg5 dxe4 5. Nxe4 Be7 6. Bxf6 gxf6 7. Nf3 f5 8. Nc3 a6 9. g3 b5 10. Bg2 Bb7 11. 0-0 0-0 12. Qd2 Bf6 13. a4 b4 14. Ne2 a5 15. Nf4 c5 16. Nh5 Bg7 17. Rfd1 Nd7 18. Qf4 c4 19. g4 Be4 20. gxf5 Bxf5 21. Nh4 Bxc2 22. Rdc1 Bg6 23. Nxg7 Rc8 24. Qh6 Nf6 25. Nxg6 hxg6 26. Nxe6 fxe6 27. Qxg6+ Kh8 28. Qh6+ Nh7 29. Qe3 Qh4 30. Rc2 Rf6 31. Rf1 Rg6 32. Kh1 Rh6 33. Qe5+ Nf6 34. h3 Rg8 35. Qxe6 Qxd4 36. Qxc4 Qd7 37. f4 Qxa4 38. Bc6 Qxc2 39. Qxc2 Rxh3+ 40. Qh2 Rxh2+ 41. Kxh2 Rd8 1/2-1/2

[Event "NOR-chT Clubs"]
[Site "Drammen"]
[Date "2010.10.09"]
[Round "2.40"]
[White "Andersen, Dag"]
[Black "Strand, Haakon"]
[Result "0-1"]
[WhiteElo "1717"]
[BlackElo "2099"]
[PlyCount "88"]
[EventDate "2010.10.08"]
[EventType "team"]
[EventRounds "6"]
[EventCountry "NOR"]
[SourceTitle "EXT 2015"]
[Source "ChessBase"]
[SourceDate "2014.11.20"]
[SourceVersion "1"]
[SourceVersionDate "2014.11.20"]
[SourceQuality "1"]
[WhiteTeam "Sarpsborg"]
[BlackTeam "Stavanger"]
[WhiteTeamCountry "NOR"]
[BlackTeamCountry "NOR"]

1. d4 Nf6 2. Nf3 e6 3. Bg5 d5 4. e3 Be7 5. Nbd2 0-0 6. Bd3 Nbd7 7. 0-0 b6 8. c3 Bb7 9. Qe2 Ne4 10. Bxe7 Qxe7 11. Rfc1 c5 12. c4 Nxd2 13. Nxd2 cxd4 14. exd4 Qf6 15. Nb3 dxc4 16. Rxc4 Qg5 17. f3 Ba6 18. Rc2 Bxd3 19. Qxd3 Nf6 20. Nd2 Nd5 21. Ne4 Qe7 22. a3 Rfd8 23. Nc3 Rd7 24. Re1 Rad8 25. Rd2 Nxc3 26. Qxc3 Qf6 27. Red1 g6 28. b4 Qf4 29. g3 Qf5 30. Kg2 Rd5 31. Re1 Qf6 32. Re4 R8d7 33. Kf2 Qd8 34. Qe3 Qc8 35. Rh4 e5 36. Qh6 f6 37. Qe3 Qd8 38. Qb3 Kh8 39. f4 Rxd4 40. Rxd4 Rxd4 41. fxe5 Rd2+ 42. Kg1 Qa8 43. Rxh7+ Kxh7 44. Qf7+ Kh6 0-1

[Event "NOR-chT Clubs"]
[Site "Drammen"]
[Date "2010.10.09"]
[Round "3.12"]
[White "Strand, Haakon"]
[Black "Grebstad, Kjell Borre"]
[Result "1-0"]
[WhiteElo "2099"]
[BlackElo "1840"]
[PlyCount "41"]
[EventDate "2010.10.08"]
[EventType "team"]
[EventRounds "6"]
[EventCountry "NOR"]
[SourceTitle "EXT 2015"]
[Source "ChessBase"]
[SourceDate "2014.11.20"]
[SourceVersion "1"]
[SourceVersionDate "2014.11.20"]
[SourceQuality "1"]
[WhiteTeam "Stavanger"]
[BlackTeam "Stjernen"]
[WhiteTeamCountry "NOR"]
[BlackTeamCountry "NOR"]

1. e4 e6 2. d4 d5 3. Nc3 Bb4 4. e5 Ne7 5. Bd2 a6 6. Qg4 Nf5 7. Nf3 c5 8. dxc5 Bxc5 9. Bd3 h5 10. Qf4 Nc6 11. Rf1 b5 12. 0-0-0 Nb4 13. Bxf5 exf5 14. Be3 Bxe3+ 15. fxe3 Qa5 16. a3 Nc6 17. Nxd5 Be6 18. Rd3 b4 19. Rfd1 0-0 20. Nf6+ Kh8 21. Qg5 1-0

[Event "NOR-chT Clubs"]
[Site "Bekkestua"]
[Date "2009.10.23"]
[Round "1"]
[White "Rundgren, Anders"]
[Black "Strand, Haakon"]
[Result "0-1"]
[WhiteElo "1959"]
[BlackElo "2057"]
[PlyCount "120"]
[EventDate "2009.10.23"]
[EventType "team-swiss"]
[EventRounds "6"]
[EventCountry "NOR"]
[SourceTitle "EXT 2012"]
[Source "ChessBase"]
[SourceDate "2011.11.24"]
[SourceVersion "1"]
[SourceVersionDate "2011.11.24"]
[SourceQuality "1"]

1. e4 c5 2. Nc3 e6 3. g3 d5 4. exd5 exd5 5. Bg2 d4 6. Nd5 Bd6 7. d3 Ne7 8. Nf4 0-0 9. Nge2 Nbc6 10. 0-0 Bf5 11. h3 Qc7 12. Kh2 Rad8 13. Ng1 Rfe8 14. Qh5 Ne5 15. Bd2 c4 16. Nd5 Qd7 17. Nxe7+ Bxe7 18. Nf3 Bf6 19. Nxe5 Rxe5 20. Qf3 cxd3 21. cxd3 Bg6 22. Rac1 Qb5 23. Qxb7 Qxb7 24. Bxb7 Bxd3 25. Rfe1 Rb5 26. Rc8 Rxc8 27. Bxc8 a5 28. b3 Rc5 29. Rc1 Rxc1 30. Bxc1 Bb1 31. a3 d3 32. Bd2 Bb2 33. Kg2 Bxa3 34. Kf3 h6 35. Ke4 Bb4 36. Ke3 Bc5+ 37. Kf3 Ba2 38. Ba6 Bxb3 39. Bxd3 Bb6 40. Ke2 g5 41. f4 Bd8 42. fxg5 hxg5 43. Bb5 a4 44. Bb4 Bf6 45. Ba3 Be5 46. Kf3 Bg7 47. Kg4 Bf8 48. Bxa4 Bxa4 49. Bxf8 Kxf8 50. Kxg5 Kg7 51. Kf4 Kf6 52. h4 Bc2 53. g4 Kg6 54. Ke5 Bd1 55. Kf4 Be2 56. g5 Kh5 57. Kf5 Kxh4 58. Kf4 Bd3 59. Ke3 Bb1 60. Kf4 Bc2 0-1

[Event "Politiken Cup 31st"]
[Site "Helsingor"]
[Date "2009.07.26"]
[Round "10"]
[White "Strand, Haakon"]
[Black "Kaster, Martin"]
[Result "1/2-1/2"]
[WhiteElo "2062"]
[BlackElo "2154"]
[PlyCount "24"]
[EventDate "2009.07.18"]
[EventType "swiss"]
[EventRounds "10"]
[EventCountry "DEN"]
[SourceTitle "CBM 131 Extra"]
[Source "ChessBase"]
[SourceDate "2009.09.03"]
[SourceVersion "2"]
[SourceVersionDate "2009.09.16"]
[SourceQuality "1"]

1. e4 d5 2. Nc3 Nf6 3. e5 d4 4. exf6 dxc3 5. fxg7 cxd2+ 6. Qxd2 Qxd2+ 7. Bxd2 Bxg7 8. 0-0-0 Bf5 9. Bc4 Nd7 10. Ne2 Nb6 11. Bb3 c5 12. c3 c4 1/2-1/2

[Event "Politiken Cup 31st"]
[Site "Helsingor"]
[Date "2009.07.25"]
[Round "9"]
[White "Strand, Haakon"]
[Black "Rossen, Claus"]
[Result "1/2-1/2"]
[WhiteElo "2062"]
[BlackElo "2188"]
[PlyCount "61"]
[EventDate "2009.07.18"]
[EventType "swiss"]
[EventRounds "10"]
[EventCountry "DEN"]
[SourceTitle "CBM 131 Extra"]
[Source "ChessBase"]
[SourceDate "2009.09.03"]
[SourceVersion "2"]
[SourceVersionDate "2009.09.16"]
[SourceQuality "1"]

1. e4 g6 2. d4 Bg7 3. Nc3 d6 4. Be3 a6 5. Qd2 b5 6. f3 Bb7 7. Bd3 Nd7 8. Nce2 c5 9. c4 bxc4 10. Bxc4 e6 11. dxc5 Nxc5 12. Bd4 e5 13. Be3 Ne7 14. Nc3 Nc6 15. Nge2 0-0 16. Rd1 Qa5 17. Qxd6 Na4 18. Qa3 Nxc3 19. Qxc3 Qxc3+ 20. Nxc3 Nd4 21. 0-0 Rac8 22. b3 Rfd8 23. Rd2 Bf8 24. Nd5 Bc5 25. Bxd4 exd4 26. Rfd1 Bxd5 27. exd5 a5 28. Kf1 Re8 29. Re2 Rxe2 30. Kxe2 Re8+ 31. Kf1 1/2-1/2

[Event "Politiken Cup 31st"]
[Site "Helsingor"]
[Date "2009.07.23"]
[Round "7"]
[White "Strand, Haakon"]
[Black "Nielsen, Kai Gylling"]
[Result "1-0"]
[WhiteElo "2062"]
[BlackElo "1899"]
[PlyCount "59"]
[EventDate "2009.07.18"]
[EventType "swiss"]
[EventRounds "10"]
[EventCountry "DEN"]
[SourceTitle "CBM 131 Extra"]
[Source "ChessBase"]
[SourceDate "2009.09.03"]
[SourceVersion "2"]
[SourceVersionDate "2009.09.16"]
[SourceQuality "1"]

1. e4 e5 2. Nf3 Nf6 3. d4 exd4 4. e5 Nd5 5. c3 d6 6. cxd4 dxe5 7. Nxe5 Bb4+ 8. Bd2 Qe7 9. Bc4 Be6 10. 0-0 Bxd2 11. Nxd2 0-0 12. Re1 Qb4 13. Nd3 Qb6 14. Nc5 Qc6 15. Nxe6 fxe6 16. Qb3 Kh8 17. Nf3 Nd7 18. Rac1 Qd6 19. Ne5 N7b6 20. Bf1 c6 21. Qh3 Rf6 22. Bd3 h6 23. g3 Ne7 24. Ng4 Rf7 25. Nxh6 gxh6 26. Qxh6+ Kg8 27. Re4 Nf5 28. Rg4+ Rg7 29. Bxf5 Rxg4 30. Bxe6+ 1-0

[Event "Politiken Cup 31st"]
[Site "Helsingor"]
[Date "2009.07.21"]
[Round "5"]
[White "Strand, Haakon"]
[Black "Jorgensen, Dennis"]
[Result "1/2-1/2"]
[WhiteElo "2062"]
[BlackElo "2207"]
[PlyCount "60"]
[EventDate "2009.07.18"]
[EventType "swiss"]
[EventRounds "10"]
[EventCountry "DEN"]
[SourceTitle "CBM 131 Extra"]
[Source "ChessBase"]
[SourceDate "2009.09.03"]
[SourceVersion "2"]
[SourceVersionDate "2009.09.16"]
[SourceQuality "1"]

1. e4 c6 2. d4 d5 3. f3 e6 4. Nc3 Bb4 5. Be2 Nf6 6. e5 Nfd7 7. f4 c5 8. Nf3 Nc6 9. Be3 Qa5 10. Qd2 cxd4 11. Nxd4 Nc5 12. Bd3 Na4 13. Nb3 Bxc3 14. Nxa5 Bxd2+ 15. Bxd2 Nxa5 16. Bb5+ Bd7 17. Bxa4 Bxa4 18. Bxa5 Bxc2 19. Rc1 Be4 20. Rc7 0-0 21. 0-0 d4 22. Rd7 Bd5 23. Rd1 Rfc8 24. Rxd4 Rc2 25. Rd2 Rxd2 26. Bxd2 Rc8 27. Bc3 h5 28. g3 h4 29. a3 Rc4 30. Kf2 hxg3+ 1/2-1/2

[Event "Gjovik op"]
[Site "Gjovik"]
[Date "2009.01.05"]
[Round "7"]
[White "Strand, Haakon"]
[Black "Hagen, Anders Gjerdrum"]
[Result "1/2-1/2"]
[WhiteElo "2047"]
[BlackElo "2110"]
[PlyCount "121"]
[EventDate "2008.12.29"]
[EventType "swiss"]
[EventRounds "9"]
[EventCountry "NOR"]
[SourceTitle "CBM 130 Extra"]
[Source "ChessBase"]
[SourceDate "2009.07.02"]
[SourceVersion "2"]
[SourceVersionDate "2009.07.15"]
[SourceQuality "1"]

1. e4 c6 2. d4 d5 3. f3 g6 4. Nc3 Bg7 5. Be3 Qb6 6. Qd2 Qxb2 7. Rb1 Qa3 8. exd5 Nf6 9. dxc6 bxc6 10. Bc4 Ba6 11. Bxa6 Nxa6 12. Nge2 0-0 13. 0-0 Nc7 14. Rb3 Qa6 15. Rfb1 Rad8 16. Qc1 Nfd5 17. Nxd5 Nxd5 18. c4 Nxe3 19. Rxe3 Bxd4 20. Nxd4 Rxd4 21. Rxe7 Qxa2 22. Ra1 Rxc4 23. Rxa2 Rxc1+ 24. Kf2 Ra8 25. Rb2 Rc5 26. Rbb7 Rf5 27. Rbc7 Rf6 28. Rxa7 Rxa7 29. Rxa7 h5 30. g3 Kg7 31. h4 Rd6 32. Rc7 Kf6 33. Ke3 Ke6 34. Kf4 Kf6 35. Ke4 Re6+ 36. Kd4 Kg7 37. Kd3 Re1 38. Rxc6 Rg1 39. Ke3 Rxg3 40. Kf2 Rh3 41. Rc4 Rh1 42. Kg2 Ra1 43. Kg3 Ra5 44. Rc8 g5 45. hxg5 Rxg5+ 46. Kh4 Rf5 47. f4 Rxf4+ 48. Kxh5 Kf6 49. Rc6+ Ke5 50. Rc5+ Ke4 51. Kg5 f6+ 52. Kg6 Rf2 53. Rc4+ Kd5 54. Ra4 f5 55. Kg5 Ke5 56. Ra5+ Ke4 57. Ra4+ Ke3 58. Ra3+ Ke2 59. Ra2+ Kf1 60. Rxf2+ Kxf2 61. Kxf5 1/2-1/2

[Event "NOR-chT Clubs"]
[Site "Oslo"]
[Date "2008.05.02"]
[Round "2"]
[White "Strand, Haakon"]
[Black "Valla, Martin"]
[Result "1/2-1/2"]
[WhiteElo "1996"]
[BlackElo "1944"]
[PlyCount "85"]
[EventDate "2008.05.01"]
[EventType "team-swiss"]
[EventRounds "6"]
[EventCountry "NOR"]
[SourceTitle "EXT 2010"]
[Source "ChessBase"]
[SourceDate "2010.11.25"]
[SourceVersion "1"]
[SourceVersionDate "2010.11.25"]
[SourceQuality "1"]

1. e4 c6 2. d4 d5 3. exd5 cxd5 4. c4 Nf6 5. Nc3 e6 6. Nf3 Be7 7. cxd5 Nxd5 8. Bd3 Nc6 9. 0-0 0-0 10. a3 Bf6 11. Be3 Nxc3 12. bxc3 b6 13. Rc1 Bb7 14. Bf4 Rc8 15. Re1 Na5 16. Ne5 Bd5 17. Re3 g6 18. Rg3 Nc4 19. Qg4 Nxe5 20. dxe5 Bg7 21. c4 Bb7 22. Bg5 Qc7 23. Bf6 Qc5 24. Qf4 Rfd8 25. Rh3 Qd4 26. Qg5 Bxf6 27. Qxf6 Rd7 28. Re1 Be4 29. Bf1 Rc5 30. Rhe3 Bb7 31. Rd3 Qxd3 32. Bxd3 Rxd3 33. h3 Rxc4 34. Qe7 Bd5 35. Qxa7 b5 36. Qb8+ Kg7 37. Qxb5 Rxa3 38. Qb8 Rc2 39. Qd8 Raa2 40. Qf6+ Kh6 41. Qh4+ Kg7 42. Qf6+ Kg8 43. Rb1 1/2-1/2

[Event "Gibraltar Challengers-B"]
[Site "Gibraltar"]
[Date "2008.01.27"]
[Round "1"]
[White "Mundaca Alvarez, Juan Carlos"]
[Black "Strand, Haakon"]
[Result "0-1"]
[WhiteElo "2167"]
[BlackElo "2045"]
[PlyCount "92"]
[EventDate "2008.01.27"]
[EventType "swiss"]
[EventRounds "5"]
[EventCountry "ENG"]
[SourceTitle "CBM 122 Extra"]
[Source "ChessBase"]
[SourceDate "2008.03.04"]
[SourceVersion "1"]
[SourceVersionDate "2008.03.04"]
[SourceQuality "1"]

1. e4 c5 2. Nf3 d6 3. d4 cxd4 4. Nxd4 Nf6 5. Nc3 a6 6. h3 e5 7. Nde2 Be6 8. g4 Be7 9. Bg2 Nfd7 10. Ng3 g6 11. Be3 Nc6 12. Nd5 Bxd5 13. exd5 Na5 14. b3 b5 15. Qd2 Nb7 16. 0-0 0-0 17. g5 f5 18. gxf6 Nxf6 19. a4 Qc7 20. Rfc1 Nc5 21. axb5 axb5 22. Qb4 Qb7 23. Qd2 Qc7 24. Qe2 Rab8 25. Ra2 Rfc8 26. Rca1 Rb7 27. Ra5 Ncd7 28. Rxb5 Qc3 29. Rc1 Rbc7 30. Bd2 Qb2 31. c4 Nc5 32. Qe3 Qa3 33. Qc3 Ra8 34. Kh2 Nfd7 35. Ne2 Bf6 36. Qe3 e4 37. Bxe4 Re8 38. f3 Nxe4 39. fxe4 Nc5 40. Ng3 Rce7 41. Re1 Qb2 42. Kh1 Nxe4 43. Nxe4 Rxe4 44. Qf2 Rxe1+ 45. Bxe1 Qa1 46. Ra5 Rxe1+ 0-1

[Event "Gibraltar Masters 6th"]
[Site "Gibraltar"]
[Date "2008.01.27"]
[Round "6"]
[White "Strand, Haakon"]
[Black "Tate, Alan"]
[Result "1-0"]
[WhiteElo "2045"]
[BlackElo "2163"]
[PlyCount "65"]
[EventDate "2008.01.22"]
[EventType "swiss"]
[EventRounds "10"]
[EventCountry "ENG"]
[SourceTitle "CBM 122 Extra"]
[Source "ChessBase"]
[SourceDate "2008.03.04"]
[SourceVersion "1"]
[SourceVersionDate "2008.03.04"]
[SourceQuality "1"]

1. e4 c5 2. Nf3 d6 3. d4 Nf6 4. Nc3 cxd4 5. Nxd4 a6 6. Be3 e5 7. Nb3 Be7 8. f3 Be6 9. Qd2 0-0 10. 0-0-0 a5 11. a4 Nc6 12. g4 Nb4 13. g5 Ne8 14. h4 Nc7 15. f4 exf4 16. Bxf4 Qc8 17. Kb1 Rd8 18. Nd4 Bg4 19. Be2 Bxe2 20. Qxe2 Bf8 21. h5 Ne6 22. Be3 Nxd4 23. Bxd4 Qe6 24. g6 fxg6 25. hxg6 h6 26. Rdf1 Nc6 27. Be3 Ne5 28. Rhg1 Rac8 29. Nd5 Rc4 30. Qh5 Rxe4 31. Bxh6 Rd7 32. Bxg7 Rxg7 33. Nf6+ 1-0